| 000 | 01880nam a2200289 4500 | ||
|---|---|---|---|
| 005 | 20251212125046.0 | ||
| 008 | 190730s2025 000 0 eng d | ||
| 040 |
_aCO-CtgCURN _bspa _ccoctgcurn |
||
| 041 | 0 | _aspa | |
| 082 | 0 |
_aENF2025 _bC317 |
|
| 100 | 1 | _aCarrillo González, Alejandra Marcela. | |
| 245 | 1 | 0 |
_aConocimientos y actitudes sobre el uso de métodos anticonceptivos en mujeres en edad fertil de la Isla de Baru 2025 / _cAlejandra Marcela Carrillo González; Vicky Hernández Medrano; Carmen Julia Pérez Marchena; Asesor: Carmen Ines Martínez Ruíz. |
| 260 |
_aCartagena de Indias : _bCorporación Universitaria Rafael Núñez, _c2025. |
||
| 300 | _a105 hojas. | ||
| 336 |
_2rdacontent _atext _btxt |
||
| 337 |
_2rdacarrier _asin mediacion _bn |
||
| 338 |
_2rdacarrier _avolumen _bnc |
||
| 502 | _aTrabajo de grado (Enfermeria). Corporacion Universitaria Rafael Nuñez. Facultad de Ciencias de la salud. Enfermeria, 2025. | ||
| 520 | _a"La planificación familiar constituye un pilar fundamental en la promoción de la salud sexual y reproductiva, al permitir que las mujeres y las parejas tomen decisiones libres, responsables e informadas sobre la maternidad y la prevención de embarazos no deseados. No obstante, en comunidades rurales e insulares persisten amplias brechas en el acceso a información veraz, servicios de salud sexual y acompañamiento profesional." | ||
| 650 | 0 |
_aEnfermeria _vTesis y disertaciones academicas. |
|
| 700 | 1 | _aHernández Medrano, Vicky. | |
| 700 | 1 | _aPérez Marchena, Carmen Julia. | |
| 700 | 1 |
_aMartínez Ruíz, Carmen Inés , _edirectora. |
|
| 856 |
_uhttps://unicurn.sharepoint.com/:b:/s/biblioteca/IQCjx3ktfPT_RL_X63UHweQqAZLVDyz0blk1j_AxEZvy2dA?e=wql44B _zClick para ver el recurso en texto completo |
||
| 942 |
_cTG _hENF 2025 _iC317 |
||
| 999 |
_c50258 _d50258 |
||